<?xml version="1.0" encoding="UTF-8"?>
<collection xmlns:xsi="http://www.w3.org/2001/XMLSchema-instance" xsi:schemaLocation="http://www.loc.gov/MARC21/slim http://www.loc.gov/standards/marcxml/schema/MARC21slim.xsd" xmlns="http://www.loc.gov/MARC21/slim">
 <record>
  <leader>00000ctm a22000003a 4500</leader>
  <controlfield tag="001">UP-8027390931314102176</controlfield>
  <controlfield tag="003">Buklod</controlfield>
  <controlfield tag="005">20240322081030.0</controlfield>
  <controlfield tag="006">m    |o  d |      </controlfield>
  <controlfield tag="007">ta</controlfield>
  <controlfield tag="008">240322s        xx     d     r    |||| u|</controlfield>
  <datafield tag="035" ind1=" " ind2=" ">
   <subfield code="a">(iLib)UPVIS-00163371867</subfield>
  </datafield>
  <datafield tag="037" ind1=" " ind2=" ">
   <subfield code="a">gift</subfield>
  </datafield>
  <datafield tag="040" ind1=" " ind2=" ">
   <subfield code="a">VML/ess 03.22.2024</subfield>
  </datafield>
  <datafield tag="041" ind1=" " ind2=" ">
   <subfield code="a">eng</subfield>
  </datafield>
  <datafield tag="090" ind1=" " ind2="0">
   <subfield code="a">LG 993.5 2024 E62 M668</subfield>
  </datafield>
  <datafield tag="100" ind1="0" ind2=" ">
   <subfield code="a">Montecillo, Anna Martina B.</subfield>
  </datafield>
  <datafield tag="245" ind1="0" ind2="0">
   <subfield code="a">Adsorptive removal of azithromycin antibiotic from aqueous solution by sodium lauryl sulfate (SLS)-modified sweet potato peels.</subfield>
  </datafield>
  <datafield tag="264" ind1=" " ind2="1">
   <subfield code="a">2024.</subfield>
  </datafield>
  <datafield tag="300" ind1=" " ind2=" ">
   <subfield code="a">xi, 102 leaves.</subfield>
  </datafield>
  <datafield tag="336" ind1=" " ind2=" ">
   <subfield code="a">text</subfield>
   <subfield code="2">rdacontent</subfield>
  </datafield>
  <datafield tag="337" ind1=" " ind2=" ">
   <subfield code="a">unmmediated</subfield>
   <subfield code="2">rdamedia</subfield>
  </datafield>
  <datafield tag="338" ind1=" " ind2=" ">
   <subfield code="a">volume</subfield>
   <subfield code="2">rdacarrier</subfield>
  </datafield>
  <datafield tag="500" ind1=" " ind2=" ">
   <subfield code="a">Thesis (Undergraduate, Bachelor of Science in Chemical Engineering) School of Technology, University of the Philippines Visayas, Miagao, Iloilo. 2024.</subfield>
  </datafield>
  <datafield tag="520" ind1="3" ind2=" ">
   <subfield code="a">The increase of emerging water pollutants such as azithromycin (AZM) antibiotics in wastewater effluents poses a notable concern because they are nonbiodegradable and can lead to potential health risks. To address this, sodium lauryl sulfate-modified sweet potato peel (MSPP0 was investigated for its removal efficiency in AZM removal from aqueous solution. The SLS modification enhanced the surface morphology of the adsorbent as well as provided more functional groups which were confirmed by the SEM and FTIR analysis. Meanwhile, the pH point of zero charge of MSPP was determined to be 5.8. In batch adsorption study, a two-level full factorial design was employed to assess the effect of the different parameters. It was found out that the adsorbent dosage, initial concentration, and the pH solution all have a significant effect on the removal efficiency of AZM by MSPP. The best operating conditions that yielded the highest AZM percentage removal (78.4%) were 0.075 g L-1 for adsorbent dosage, 100 ppm for AZM initial concentration, and solution pH 4. The kinetic model that best described the experimental data was the Elovich model (R2=0.9813) which indicates that chemical interactions governed the mechanism of the adsorption process. On the other hand, the isotherm model that best fitted the AZM adsorption was determined to be the Freundlich model (R2=0.9956) which implies a multilayer adsorption on the system that is heterogeneous in nature. The maximum adsorption capacity of MSPP for AZM removal was found to be 1010 mg g-1, which is significantly higher than that of other adsorbents employed for AZM removal. This suggests that SLS-modified SPP is a very promising and cost-effective adsorbent that can be effectively utilized for the elimination of AZM from aqueous solutions.</subfield>
  </datafield>
  <datafield tag="650" ind1="1" ind2="0">
   <subfield code="a">Sweet potato peels.</subfield>
  </datafield>
  <datafield tag="650" ind1=" " ind2="0">
   <subfield code="a">Azithromycin antibiotics.</subfield>
  </datafield>
  <datafield tag="650" ind1=" " ind2="0">
   <subfield code="a">Aqueous solutions.</subfield>
  </datafield>
  <datafield tag="720" ind1=" " ind2=" ">
   <subfield code="a">Tadia, John Loui T.</subfield>
   <subfield code="e">Thesis adviser.</subfield>
  </datafield>
  <datafield tag="905" ind1=" " ind2=" ">
   <subfield code="a">FI</subfield>
  </datafield>
  <datafield tag="852" ind1="0" ind2=" ">
   <subfield code="a">UPVIS</subfield>
   <subfield code="b">UPV-SOTECH</subfield>
   <subfield code="h">LG 993.5 2024 E62 M668</subfield>
  </datafield>
  <datafield tag="942" ind1=" " ind2=" ">
   <subfield code="a">Thesis</subfield>
  </datafield>
 </record>
</collection>
